Bipolárka

Saved in:
Bibliographic Details
Main Author Kušiaková, Pafková, Hana
Format Electronic eBook
LanguageCzech
Published Cosmopolis 2026
Edition1. elektronické vydání
Subjects
Online AccessDostupné v BOOKPORT po přihlášení pomocí eduID
ISBN978-80-271-6430-1
978-80-271-6431-8
978-80-271-5813-3
Physical Description1 online zdroj (184 stran)

Cover

LEADER 00000nam a2200000 i 4500
001 bkp14778
003 CZ-prgp
005 20260522151115.0
006 m o d
007 cr cn
008 260522s2026 xr o 000 1 cze
020 |a 978-80-271-6430-1  |c 254 Kč  |q (online ; pdf) 
020 |a 978-80-271-6431-8  |c 254 Kč  |q (online ; epub) 
020 |a 978-80-271-5813-3  |c 299 Kč  |q (print) 
040 |a Grada  |b cze  |e rda 
100 1 |a Kušiaková, Pafková, Hana 
245 1 0 |a Bipolárka  |c Hana Kušiaková Pafková 
250 |a 1. elektronické vydání 
264 1 |b Cosmopolis  |c 2026 
300 |a 1 online zdroj (184 stran) 
336 |a text  |b txt  |2 rdacontent 
337 |a počítač  |b c  |2 rdamedia 
338 |a online zdroj  |b cr  |2 rdacarrier 
520 3 |a Bipolárka nabízí syrový a autentický popis toho, jak se žije s bipolární poruchou. Jaké jsou vzlety a pády s touto diagnózou? Je možné ji ukočírovat a prožít tak spokojený život bez otřesů? To vše, zabalené do humoru a lehké ironie, se dozvíte v této knize. 
650 0 4 |a Česká současná beletrie 
856 4 0 |u https://www.bookport.cz/AccountSaml/SignIn/?idp=https://shibboleth.utb.cz/idp/shibboleth&returnUrl=/kniha/bipolarka-16095/  |y Dostupné v BOOKPORT po přihlášení pomocí eduID